000 00677nam a2200253Ia 4500
003 OSt
005 20221007070712.0
006 a|||||r|||| 00| 0
007 ta
008 221006b |||||||| |||| 00| 0 eng d
024 _a39,298
037 _cTextual
040 _aFLL
_cFLL
_beng
041 _2eng
_aeng
082 _aZ2,94, Q7.2
100 _aBatuk Lal
_9640598
245 0 _aLaw of evidence
250 _a7th
260 _aGurgaon
_bThomson Reuters South Asia pvt. ltd. India
_c2017
300 _accxlviii,1197-2448p.
_ccm.
490 _vvolume-2 (Sections 45 to End)
942 _hZ2,94, Q7.2
_cTEXL
_2CC
999 _c1141288
_d1141288